| 000 | 00649nam a2200205 i 4500 | ||
|---|---|---|---|
| 001 | 70175 | ||
| 003 | ES-MaACL | ||
| 005 | 20230906170735.0 | ||
| 007 | t| | ||
| 008 | 040719s1983 sp ||||1| spa d | ||
| 100 | 1 |
_aGarcía-Pelayo, Manuel. _955092 |
|
| 245 | 1 | 0 |
_aIdea de la política y otros escritos / _cM. García Pelayo. |
| 260 |
_aMadrid : _bCentro de Estudios Constitucionales, _c1983. |
||
| 300 |
_aXII, 291 p. ; _c21 cm. |
||
| 490 | 1 | _aEstudios políticos | |
| 710 | 2 |
_aCentro de Estudios Constitucionales (España) _92618 |
|
| 830 | 0 |
_aEstudios políticos _9180572 |
|
| 852 |
_aES-MaACL _jL-7460 _bR.108219 |
||
| 999 |
_c70175 _d70175 |
||